[Event "Otvoreno pojedinaèno Muško prvenstvo Centralne Srbije"]
[Site "Požarevac, Hotel "]
[Date "2012.02.15"]
[Round "4.8"]
[White "Milovanovic, Srboljub"]
[Black "Pap, Misa"]
[Result "0-1"]
[WhiteElo "2203"]
[BlackElo "2512"]
[PlyCount "0"]
[EventDate "2012.02.13"]

1.d4 Nf6 2.c4 c6 3.d5 b5 4.cxb5 a6 5.bxa6 Bxa6 6.Nc3 d6 7.Nf3
g6 8.e4 Bxf1 9.Kxf1 Bg7 10.g3 O-O 11.Kg2 Nbd7 12.Re1 Qc7 13.h3
Qb7 14.Qd3 Nb6 15.b3 Rad8 16.Bg5 h6 17.Bxf6 Bxf6 18.Rac1 Bg7 0-1

[Event "Otvoreno pojedinaèno Muško prvenstvo Centralne Srbije"]
[Site "Požarevac, Hotel "]
[Date "2012.02.15"]
[Round "4.9"]
[White "Ratkovic, Milovan"]
[Black "Vujic, Mihailo"]
[Result "0-1"]
[WhiteElo "2183"]
[BlackElo "2329"]
[PlyCount "0"]
[EventDate "2012.02.13"]

1.d4 d5 2.Nf3 Nc6 3.e3 Bg4 4.Be2 Nf6 5.O-O Bxf3 6.Bxf3 e5 7.c4
e4 8.Be2 dxc4 9.Nc3 Bd6 10.Bxc4 O-O 11.f3 Qe7 12.fxe4 Nxe4 13.Qg4
Rae8 14.Bd3 f5 15.Rxf5 Rxf5 16.Qxf5 Qh4 17.g3 Nxg3 18.Qd5+ Kh8
19.hxg3 Qxg3+ 20.Qg2 Qe1+ 21.Qf1 Qh4 22.Qg2 Nxd4 23.Bd2 Bh2+
24.Kh1 Bd6+ 25.Kg1 Nf3+ 26.Qxf3 Qh2+ 27.Kf1 Rf8 28.Qxf8+ Bxf8
29.Ke1 Qg1+ 30.Bf1 Be7 31.Ke2 h5 32.Kd3 h4 33.Re1 Qg6+ 34.e4
c6 35.Kc2 b5 36.Bh3 b4 37.Nd1 Qg3 38.Re3 Qe5 39.Re1 Qc5+ 40.Kb1
Qd4 41.Be3 Qxe4+ 42.Ka1 Bf6 43.Rf1 Qd3 44.Bg2 a5 45.Bc1 a4 46.Nf2
Qe2 47.Bh3 a3 48.Nd1 Qc2 0-1

[Event "Otvoreno pojedinaèno Muško prvenstvo Centralne Srbije"]
[Site "Požarevac, Hotel "]
[Date "2012.02.15"]
[Round "4.10"]
[White "Todorovic, Bojan"]
[Black "Tasic, Zoran T"]
[Result "1-0"]
[WhiteElo "2289"]
[BlackElo "2156"]
[PlyCount "0"]
[EventDate "2012.02.13"]

1.d4 d5 2.Nf3 Nc6 3.Bf4 Nf6 4.e3 Bg4 5.Nbd2 e6 6.c3 a6 7.Qa4
Bd6 8.Bd3 O-O 9.Ne5 Bxe5 10.Bxe5 Nd7 11.Bg3 Bh5 12.O-O f5 13.c4
Nb6 14.Qc2 g5 15.Be5 Nb4 16.Qc3 Nxd3 17.Qxd3 f4 18.exf4 gxf4
19.Qh3 Rf5 20.c5 Nd7 21.Bxf4 Rxf4 22.Qxh5 Qf6 23.Nf3 Kh8 24.Rae1
Rg8 25.Re3 Rf5 26.Qh3 Nf8 27.Ne5 Rf4 28.Rf3 Rg5 29.Re1 Rgf5 30.Rxf4
Rxf4 31.Qd3 Rf5 32.g3 Qg7 33.Qe3 c6 34.Nd3 Qf7 35.Nf4 Rf6 36.Qe5
Kg8 37.Qb8 Kg7 38.Re3 Ng6 39.Nh5+ Kh6 40.Nxf6 Qxf6 41.Qxb7 Qxd4
42.Qxc6 e5 43.Qf6 Qxb2 44.h4 Qxa2 45.Qg5+ Kg7 46.h5 1-0

[Event "Otvoreno pojedinaèno Muško prvenstvo Centralne Srbije"]
[Site "Požarevac, Hotel "]
[Date "2012.02.15"]
[Round "4.11"]
[White "Trifunovic, Miroljub"]
[Black "Zivkovic, Marko"]
[Result "1/2-1/2"]
[WhiteElo "2278"]
[BlackElo "2130"]
[PlyCount "0"]
[EventDate "2012.02.13"]

1.d4 Nf6 2.c4 g6 3.Nc3 Bg7 4.e4 d6 5.Be2 O-O 6.Nf3 e5 7.O-O Nbd7
8.Be3 c6 9.h3 Re8 10.d5 Nc5 11.Nd2 Na6 12.a3 c5 13.Rb1 h6 14.f4
exf4 15.Bxf4 Qe7 16.Nb5 Nxe4 17.Nxe4 Qxe4 18.Bd3 Qe7 19.Nxd6
Rd8 20.Nxc8 Raxc8 21.Qd2 Kh7 22.Kh1 Nb8 23.Rbe1 Qd7 24.Rf3 b5
25.b3 bxc4 26.bxc4 Re8 27.Ref1 f5 28.h4 h5 29.Qf2 Qf7 30.Bxb8
Rxb8 31.Qxc5 Rb2 32.R3f2 Qf6 33.g3 Qc3 34.Rf3 Re1 35.Rxe1 Qxe1+
36.Qg1 Qd2 37.Bf1 Bd4 38.Qg2 Qe1 39.Qh3 1/2-1/2

[Event "Otvoreno pojedinaèno Muško prvenstvo Centralne Srbije"]
[Site "Požarevac, Hotel "]
[Date "2012.02.15"]
[Round "4.12"]
[White "Stojanovic, Zlatko"]
[Black "Bozilov, Dragan"]
[Result "1-0"]
[WhiteElo "2252"]
[BlackElo "1913"]
[PlyCount "0"]
[EventDate "2012.02.13"]

1.e4 c6 2.Nc3 d5 3.d4 dxe4 4.Nxe4 Bf5 5.Ng3 Bg6 6.Nf3 Nf6 7.h4
h6 8.h5 Bh7 9.Bd3 Bxd3 10.Qxd3 e6 11.Bd2 Bd6 12.Ne4 Nxe4 13.Qxe4
Nd7 14.O-O-O Nf6 15.Qe2 a5 16.g4 Qc7 17.Kb1 Bf4 18.Ne5 Bxd2 19.Rxd2
a4 20.c4 a3 21.b3 Ra5 22.f4 Nd7 23.Qe3 O-O 24.Nf3 b5 25.c5 Nf6
26.g5 Nd5 27.Qe5 Qxe5 28.Nxe5 hxg5 29.fxg5 Nc3+ 30.Kc1 Ne4 31.Rg2
f6 32.gxf6 Rxf6 33.h6 g5 34.Rg4 Nf2 35.Rxg5+ Kh8 36.Rhg1 Ra8
37.h7 Kxh7 38.Rg7+ Kh6 39.Nf7+ Kh5 40.Rh7+ 1-0

[Event "Otvoreno pojedinaèno Muško prvenstvo Centralne Srbije"]
[Site "Požarevac, Hotel "]
[Date "2012.02.15"]
[Round "4.13"]
[White "Todorovic, Goran M"]
[Black "Pantovic, Dragan M"]
[Result "1-0"]
[WhiteElo "2509"]
[BlackElo "2150"]
[PlyCount "0"]
[EventDate "2012.02.13"]

1.e4 c6 2.d4 d5 3.e5 Bf5 4.Ne2 e6 5.Nf4 c5 6.c3 h6 7.Be2 Nc6
8.O-O cxd4 9.cxd4 Qb6 10.Nc3 Qxd4 11.Nd3 Qb6 12.Bd2 Nge7 13.Rc1
Ng6 14.Na4 Qc7 15.f4 Be7 16.Nf2 O-O 17.Nc5 b6 18.Na6 Qb7 19.g4
Be4 20.Nxe4 dxe4 21.Qa4 Bc5+ 22.Nxc5 bxc5 23.Qxe4 Qxb2 24.Bc3
Qb6 25.Bc4 Rfd8 26.f5 Nf8 27.fxe6 Nxe6 28.Qf5 Ncd4 29.Bxd4 Nxd4
30.Qxf7+ Kh7 31.e6 Qd6 32.e7 Re8 33.Rce1 Nc6 34.Bd5 Rac8 35.Re6
Qd7 36.Be4+ Kh8 37.Rxh6+ gxh6 38.Qh7# 1-0

[Event "Otvoreno pojedinaèno Muško prvenstvo Centralne Srbije"]
[Site "Požarevac, Hotel "]
[Date "2012.02.15"]
[Round "4.14"]
[White "Sekulic, Dusan"]
[Black "Njegic, Vladimir"]
[Result "1-0"]
[WhiteElo "2312"]
[BlackElo "2114"]
[PlyCount "0"]
[EventDate "2012.02.13"]

1.d4 e6 2.c4 d5 3.Nf3 Nf6 4.e3 Be7 5.Nbd2 O-O 6.Bd3 c5 7.a3 Nbd7
8.O-O b6 9.b3 Bb7 10.Bb2 Rc8 11.Qe2 Qc7 12.Ne5 Ne4 13.Rad1 Nxe5
14.dxe5 Nxd2 15.Rxd2 dxc4 16.bxc4 Rfd8 17.f4 Rd7 18.f5 exf5 19.Bxf5
Rxd2 20.Qxd2 Rd8 21.Qc2 g6 22.e6 gxf5 23.Qxf5 f6 24.Qg4+ Kh8
25.Rxf6 Rd4 26.Rf7 1-0

[Event "Otvoreno pojedinaèno Muško prvenstvo Centralne Srbije"]
[Site "Požarevac, Hotel "]
[Date "2012.02.15"]
[Round "4.15"]
[White "Rajkovic, Aleksandar"]
[Black "Dmitrovic, Tomislav"]
[Result "1/2-1/2"]
[WhiteElo "2126"]
[BlackElo "2273"]
[PlyCount "0"]
[EventDate "2012.02.13"]

1.d4 f5 2.e4 fxe4 3.Nc3 Nf6 4.Bg5 Nc6 5.d5 Ne5 6.Qd4 Nf7 7.h4
c6 8.Bc4 Qb6 9.Qxb6 axb6 10.Bxf6 gxf6 11.Nxe4 Rg8 12.Kf1 f5 13.Nd2
Bg7 14.Rb1 cxd5 15.Bxd5 e6 16.Bb3 b5 17.a3 b6 18.Ngf3 Bb7 19.Ke2
Bf6 20.Rhg1 Rg4 21.g3 Nd6 22.c3 Ke7 23.Rbe1 Rag8 24.Bc2 h6 25.Kd1
Kd8 26.Nh2 R4g7 27.Nhf3 Nc4 28.Kc1 Nxd2 29.Nxd2 Bxh4 30.Bd3 Bg5
31.Kc2 Bxd2 32.Kxd2 f4 33.Re5 Bf3 34.Ke1 Rg5 35.Rxb5 Rxb5 36.Bxb5
Rg5 37.Bd3 h5 38.Rf1 Rd5 39.Bc2 e5 40.Rg1 Kc7 41.a4 Rd6 42.b4
e4 43.gxf4 h4 44.Rg7 h3 45.Rh7 Bg2 46.Ke2 Rc6 47.Kd2 Kd8 48.f5 1/2-1/2

[Event "Otvoreno pojedinaèno Muško prvenstvo Centralne Srbije"]
[Site "Požarevac, Hotel "]
[Date "2012.02.15"]
[Round "4.16"]
[White "Zivkovic, Momcilo"]
[Black "Marcetic, Predrag"]
[Result "1/2-1/2"]
[WhiteElo "2137"]
[BlackElo "2247"]
[PlyCount "0"]
[EventDate "2012.02.13"]

1.e4 c6 2.d4 g6 3.g3 d5 4.e5 h5 5.h4 Qb6 6.a4 a5 7.Nf3 Bg4 8.Be2
Bxf3 9.Bxf3 e6 10.O-O Bh6 11.c3 Nd7 12.Na3 Ne7 13.Bxh6 Rxh6 14.Qd2
Nf5 15.Be2 Kf8 16.Bd3 Kg7 17.Bxf5 gxf5 18.Nc2 Nf8 19.Ne3 Ng6
20.Ng2 c5 21.Rfe1 Rc8 22.Red1 Rhh8 23.Qg5 Qd8 24.Qe3 Qe7 25.Qe2
Qc7 26.Kh2 cxd4 27.cxd4 Qc2 28.Rd2 Qe4 29.Qf1 f4 30.Re1 Qf5 31.Rd3
fxg3+ 32.fxg3 Qxf1 33.Rxf1 Rc2 34.Rb3 Rd2 35.Rxb7 Rf8 36.Kg1
Rxd4 37.Nf4 Nxf4 38.Rxf4 Rxf4 39.gxf4 Kg6 40.Kf2 Rc8 41.Ke3 Rc4
42.b3 Rc3+ 43.Kf2 f6 44.exf6 Kxf6 45.Ke2 Kf5 46.Kd2 d4 47.Rd7
Rxb3 48.Rxd4 Rf3 49.Rc4 Rxf4 50.Rc5+ e5 51.Rxa5 Rxh4 52.Ra8 Ke4
53.a5 Rh2+ 54.Kc3 Ke3 55.Kb3 e4 56.Rh8 Rh1 57.Kb2 Rh2+ 58.Kb3
Rh1 59.Kb2 Rh2+ 60.Kb3 Rh1 1/2-1/2

[Event "Otvoreno pojedinaèno Muško prvenstvo Centralne Srbije"]
[Site "Požarevac, Hotel "]
[Date "2012.02.15"]
[Round "4.17"]
[White "Stojkovic, Miroljub"]
[Black "Djordjevic, Zoran B"]
[Result "1/2-1/2"]
[WhiteElo "2235"]
[BlackElo "2060"]
[PlyCount "0"]
[EventDate "2012.02.13"]

1.c4 e6 2.Nc3 Nf6 3.e4 d5 4.e5 d4 5.exf6 dxc3 6.bxc3 Qxf6 7.d4
Nd7 8.Nf3 h6 9.Bd3 c6 10.O-O Bd6 11.Qe2 g5 12.Nd2 Qg7 13.Ne4
Be7 14.f4 f5 15.Ng3 Nf6 16.Re1 g4 17.Bb2 h5 18.d5 h4 19.Nxf5
exf5 20.d6 Ne4 21.dxe7 Qxe7 22.Bxe4 fxe4 23.Qxe4 Qxe4 24.Rxe4+
Kd8 25.Ba3 Rh7 26.Rae1 h3 27.Re8+ Kc7 28.Rd1 b6 29.Rdd8 c5 30.Bc1
Rd7 31.Rxd7+ Kxd7 32.Rg8 hxg2 33.Rg7+ Kd6 34.Kxg2 Be6 35.a3 Rh8
36.Rg5 Rh3 37.f5 Bxc4 38.Bf4+ Ke7 39.Bg3 Bd5+ 40.Kf2 Bf3 41.Ke3
Kf7 42.Rg6 Rh5 1/2-1/2

[Event "Otvoreno pojedinaèno Muško prvenstvo Centralne Srbije"]
[Site "Požarevac, Hotel "]
[Date "2012.02.15"]
[Round "4.18"]
[White "Peric, Slavisa"]
[Black "Mickovic, Slavisa"]
[Result "1-0"]
[WhiteElo "2228"]
[BlackElo "2097"]
[PlyCount "0"]
[EventDate "2012.02.13"]

1.d4 d5 2.Bf4 Nf6 3.e3 Bf5 4.c4 c6 5.Nc3 Qb6 6.Qb3 dxc4 7.Bxc4
e6 8.h3 Nbd7 9.Nf3 Qxb3 10.Bxb3 h6 11.O-O g5 12.Bg3 Ne4 13.Nxe4
Bxe4 14.Ne5 Bg7 15.Nc4 Bd3 16.Nd6+ Ke7 17.Rfd1 Ba6 18.Ne4 f5
19.Bd6+ Kf7 20.Ng3 f4 21.exf4 gxf4 22.Bxf4 c5 23.Nf5 Bf6 24.dxc5
Nxc5 25.Nxh6+ Kg7 26.Ng4 Bxb2 27.Rab1 Ba3 28.Rbc1 Nd3 29.Rxd3
Bxd3 30.Rc3 Rhd8 31.Bxe6 Be4 32.Rc7+ Kg6 33.Rf7 1-0

[Event "Otvoreno pojedinaèno Muško prvenstvo Centralne Srbije"]
[Site "Požarevac, Hotel "]
[Date "2012.02.15"]
[Round "4.19"]
[White "Bura, Goran"]
[Black "Tonic, Milos"]
[Result "1-0"]
[WhiteElo "2222"]
[BlackElo "1962"]
[PlyCount "0"]
[EventDate "2012.02.13"]

1.Nf3 c5 2.e4 Nc6 3.Bb5 e5 4.O-O Qc7 5.Nc3 Nf6 6.d3 h6 7.Nd5
Qd8 8.c3 Be7 9.Re1 O-O 10.h3 a6 11.Ba4 b5 12.Bb3 d6 13.Ne3 Be6
14.Bd5 Rc8 15.Nh2 Qd7 16.Qf3 Bd8 17.Nhg4 Nxg4 18.hxg4 Bg5 19.Bxc6
Rxc6 20.Nf5 Bxf5 21.gxf5 f6 22.Bxg5 hxg5 23.a4 b4 24.g3 g6 25.c4
Kg7 26.Kg2 Rcc8 27.Rh1 Rh8 28.a5 Rcf8 29.g4 Qc8 30.fxg6 Kxg6
31.Qf5+ Qxf5 32.exf5+ Kg7 33.Kf3 Kf7 34.Ke4 Ke7 35.Kd5 Kd7 36.Rh5
Rxh5 37.gxh5 Re8 38.h6 e4 39.d4 e3 40.fxe3 Rxe3 41.Rh1 Rd3 42.Ke4 1-0

[Event "Otvoreno pojedinaèno Muško prvenstvo Centralne Srbije"]
[Site "Požarevac, Hotel "]
[Date "2012.02.15"]
[Round "4.22"]
[White "Rajkovic, Ljubisa"]
[Black "Kostic, Tomislav"]
[Result "1/2-1/2"]
[WhiteElo "2188"]
[BlackElo "1813"]
[PlyCount "0"]
[EventDate "2012.02.13"]

1.f4 d5 2.Nf3 c5 3.e3 Nf6 4.b3 g6 5.Bb2 Bg7 6.Be2 O-O 7.O-O Nc6
8.Qe1 Re8 9.h3 d4 10.Bb5 Nd5 11.Bxc6 bxc6 12.Ne5 Nb4 13.Na3 Bxe5
14.fxe5 Qd5 15.Qf2 Rd8 16.Qh4 dxe3 17.dxe3 Qd2 18.Qxe7 Qxe3+
19.Kh1 Be6 20.Rae1 Qg3 21.Re2 Nd5 22.Rf3 Qxg2+ 23.Kxg2 Nxe7 1/2-1/2

[Event "Otvoreno pojedinaèno Muško prvenstvo Centralne Srbije"]
[Site "Požarevac, Hotel "]
[Date "2012.02.15"]
[Round "4.24"]
[White "Garic, Radomir"]
[Black "Jelisavcic, Srdjan"]
[Result "1-0"]
[WhiteElo "2274"]
[BlackElo "2071"]
[PlyCount "0"]
[EventDate "2012.02.13"]

1.e4 e5 2.Nf3 Nc6 3.Nc3 Nf6 4.Bb5 d6 5.d4 exd4 6.Nxd4 Bd7 7.Bxc6
bxc6 8.Qf3 c5 9.Nf5 Bxf5 10.Qxf5 Qd7 11.Qf3 Qg4 12.Qxg4 Nxg4
13.Nd5 O-O-O 14.f3 Ne5 15.Bf4 Ng6 16.Bg3 h5 17.O-O-O h4 18.Be1
c6 19.Ne3 Be7 20.Nf5 Bf8 21.Bc3 f6 22.Rd2 Ne5 23.Rhd1 Nc4 24.Re2
g6 25.b3 Ne5 26.Ne3 Bh6 27.Rf1 Bf4 28.h3 d5 29.Bxe5 fxe5 30.Kb2
Bxe3 31.Rxe3 d4 32.Rd3 g5 33.Rc1 Kc7 34.c3 a5 35.cxd4 cxd4 36.Rc5
Kd6 37.Rxa5 Ra8 38.Rxa8 Rxa8 39.Rd1 c5 40.Rc1 Rb8 41.Rc2 Rb4
42.Rc1 Rb8 43.a3 Rb7 44.Rc4 Ra7 45.a4 Rb7 46.Ka3 Kc6 47.Kb2 Rb4
48.Rxb4 cxb4 49.Kc2 Kb6 50.Kd3 Kc5 51.Ke2 Kb6 52.Ke1 Kc5 53.Kf2
Kc6 54.g3 hxg3+ 55.Kxg3 Kc5 56.Kf2 Kc6 57.Ke2 Kd6 58.Kd3 Kc5
59.f4 gxf4 60.h4 f3 61.h5 f2 62.Ke2 d3+ 63.Kxf2 Kd4 64.h6 d2 1-0

[Event "Otvoreno pojedinaèno Muško prvenstvo Centralne Srbije"]
[Site "Požarevac, Hotel "]
[Date "2012.02.15"]
[Round "4.25"]
[White "Sorgic, Dragan"]
[Black "Katic, Goran"]
[Result "1-0"]
[WhiteElo "2242"]
[BlackElo "2036"]
[PlyCount "0"]
[EventDate "2012.02.13"]

1.e4 c6 2.d3 d5 3.Nd2 e5 4.Ngf3 Bd6 5.Be2 Ne7 6.O-O O-O 7.c3
Nd7 8.Re1 f5 9.Bf1 Qc7 10.a4 a5 11.Qb3 Kh8 12.Qc2 Nf6 13.c4 Ng6
14.cxd5 cxd5 15.Qxc7 Bxc7 16.exd5 Nxd5 17.b3 Bd7 18.Ba3 Rfe8
19.Nc4 Nb4 20.Bxb4 axb4 21.g3 Bc6 22.Nfd2 Rad8 23.h4 Nf8 24.Ne3
f4 25.Nec4 Nd7 26.Ne4 Bxe4 27.dxe4 Nc5 28.Rab1 fxg3 29.fxg3 Rd4
30.Ne3 Rxe4 31.Bg2 Rd4 32.Re2 Red8 33.Rc1 Bb6 34.a5 Ba7 35.Kh2
Nxb3 36.Rc7 Nxa5 37.Nf5 R4d7 38.Rxd7 Rxd7 39.Rxe5 h6 40.Rxa5
Bb6 41.Rb5 Bd8 42.Bxb7 Kh7 43.Rxb4 g6 44.Ne3 Rd3 45.Nf1 Rd1 46.Kg2
h5 47.Bf3 Rd6 48.Rb7+ Kh6 49.Be4 Bf6 50.Ne3 Bd4 51.Nd5 Re6 52.Kf3
Be5 53.Nf4 Rf6 54.Bb1 Bxf4 55.gxf4 Re6 56.Rc7 Rb6 57.Ba2 Ra6
58.Bg8 1-0

[Event "Otvoreno pojedinaèno Muško prvenstvo Centralne Srbije"]
[Site "Požarevac, Hotel "]
[Date "2012.02.15"]
[Round "4.26"]
[White "Jenic, Aleksandar"]
[Black "Arsenijevic, Ivan"]
[Result "1/2-1/2"]
[WhiteElo "1893"]
[BlackElo "2172"]
[PlyCount "0"]
[EventDate "2012.02.13"]

1.d4 d5 2.c4 c6 3.cxd5 cxd5 4.Nc3 Nc6 5.Nf3 Nf6 6.Qb3 e6 7.Bf4
Bd6 8.Bxd6 Qxd6 9.e3 O-O 10.Rc1 Bd7 11.Bd3 Na5 12.Qc2 Rac8 13.O-O
a6 14.Qe2 Nc6 15.e4 dxe4 16.Nxe4 Nxe4 17.Qxe4 f5 18.Qe3 Nb4 19.Bc4
Nd5 20.Qe5 Qxe5 21.Nxe5 Bc6 22.Rfe1 Nf4 23.Nxc6 Rxc6 24.g3 Nd5
25.Bxd5 exd5 26.Rxc6 bxc6 27.Rc1 Rc8 28.Rc5 Kf7 29.Ra5 Ra8 30.Rc5
Rc8 31.Ra5 1/2-1/2

[Event "Otvoreno pojedinaèno Muško prvenstvo Centralne Srbije"]
[Site "Požarevac, Hotel "]
[Date "2012.02.15"]
[Round "4.27"]
[White "Andrejic, Vladica"]
[Black "Ratkovic, Petar"]
[Result "1-0"]
[WhiteElo "2170"]
[BlackElo "1534"]
[PlyCount "0"]
[EventDate "2012.02.13"]

1.d4 d5 2.c4 c6 3.Nf3 Nf6 4.Nc3 e6 5.Bg5 Nbd7 6.e3 Qa5 7.Nd2
Bb4 8.Qc2 Ne4 9.Ncxe4 dxe4 10.Bh4 O-O 11.a3 b6 12.O-O-O Bxd2+
13.Rxd2 Qf5 14.f3 exf3 15.Qxf5 exf5 16.gxf3 Re8 17.Bf2 Bb7 18.Bg2
Nf6 19.Re1 b5 20.b3 bxc4 21.bxc4 Ba6 22.Bf1 Rab8 23.Rb2 Rxb2
24.Kxb2 g5 25.Kc3 g4 26.Bh4 Re6 27.Bd3 gxf3 28.Bxf6 Rxf6 29.Rf1
Rh6 30.Rxf3 Rxh2 31.Rxf5 Bb7 32.Ra5 a6 33.c5 Rh3 34.Kd2 Bc8 35.Bxa6
Be6 36.Bc8 Rh2+ 37.Kd3 Bd5 38.e4 Ba2 39.Bd7 Bb1+ 40.Ke3 h5 41.Bxc6
h4 42.d5 h3 43.d6 Rb2 44.d7 Rb3+ 45.Kf4 1-0

[Event "Otvoreno pojedinaèno Muško prvenstvo Centralne Srbije"]
[Site "Požarevac, Hotel "]
[Date "2012.02.15"]
[Round "4.28"]
[White "Lazovic, Bozidar"]
[Black "Colovic, Zoran"]
[Result "0-1"]
[WhiteElo "1779"]
[BlackElo "2168"]
[PlyCount "0"]
[EventDate "2012.02.13"]

1.Nf3 c5 2.b3 d5 3.Bb2 Nf6 4.e3 Nc6 5.Bb5 Bg4 6.O-O a6 7.Be2
e6 8.Ne5 Bf5 9.d3 Bd6 10.Nxc6 bxc6 11.Nd2 h5 12.h3 e5 13.e4 Bg6
14.exd5 cxd5 15.Bf3 O-O 16.Re1 Re8 17.Nf1 Rc8 18.Qd2 d4 19.Ng3
h4 20.Ne4 Nxe4 21.Bxe4 Bxe4 22.dxe4 c4 23.Qe2 Qc7 24.Rec1 c3
25.Bxc3 Qxc3 26.Qxa6 Rc6 27.Qe2 Ba3 28.Rd1 Qxc2 29.Rd2 Qc3 30.Rad1
Bb4 31.Qg4 Qc5 32.Rd3 Qe7 33.g3 Ra6 34.Qf5 Bc3 35.Kh2 Rf6 36.Qg5
Rxf2+ 37.Kg1 hxg3 38.Rxg3 Qf6 39.h4 Rf4 0-1